[Event "AUTO-OPEN-356"]
[Site "http://www.queenalice.com/game.php?id=155269"]
[Date "2007.1.17"]
[Round "2"]
[White "bohinky"]
[Black "Scardini"]
[Result "1-0"]
[WhiteElo "2111"]
[BlackElo "2138"]

1. d4 d5 2. c4 c6 3. cxd5 cxd5 4. Nc3 Nf6 5. Bg5 e6 6. Nf3 Nc6 7. e3 Bd6 8. Bd3
O-O 9. O-O h6 10. Bxf6 Qxf6 11. a3 a6 12. h3 b5 13. Bb1 Bb7 14. e4 dxe4 15. Nxe4
Qe7 16. Qd3 f5 17. Nxd6 Qxd6 18. Ba2 Rac8 19. Rfe1 Nd8 20. Ne5 Rf6 21. Rac1 Rxc1
22. Rxc1 Nc6 23. Nxc6 Bxc6 24. Rc5 Bd5 25. Bxd5 exd5 26. Qf3 Qe6 27. Rxd5 Qe1+
28. Kh2 Qe4 29. Rd8+ Kh7 30. Qxe4 fxe4 31. Kg1 Rc6 32. Kf1 Rc2 33. Ra8 Rxb2 34.
Rxa6 Rd2 35. Rd6 Rd3 36. Rd5 Rb3 37. Ke2 Kg6 38. Re5 Kf6 39. h4 Rxa3 40. Rxb5
Rd3 41. Rd5 g6 42. g4 Kg7 43. g5 hxg5 44. hxg5 Kf7 45. f4 Rf3 46. Re5 Rxf4 47.
Ke3 Rf1 48. Kxe4 Rh1 49. Kd5 Ra1 50. Kc6 Ra4 51. d5 Rc4+ 52. Kd7 Rc5 53. Re7+
Kf8 54. Ke6 Rxd5 55. Kxd5 Kxe7 56. Ke5 Kf7 57. Kd6 Kg7 58. Ke7 1-0

[Event "AUTO-OPEN-291"]
[Site "http://www.queenalice.com/game.php?id=164159"]
[Date "2007.2.6"]
[Round "2"]
[White "charles"]
[Black "Scardini"]
[Result "0-1"]
[WhiteElo "1710"]
[BlackElo "2130"]

1. e4 e5 2. Nf3 Nc6 3. Bc4 Bc5 4. d3 Nf6 5. Ng5 O-O 6. Bd2 d6 7. O-O Bg4 8. Qe1
Nd4 9. Bb3 h6 10. h3 Be2 11. Nxf7 Rxf7 12. Bxf7+ Kxf7 13. Qc1 Bxd3 14. Nc3 Nxc2
15. Rb1 Nxe4 16. Nxe4 Bxe4 17. Kh1 Qd7 18. b4 Qxh3+ 0-1

[Event "AUTO-OPEN-291"]
[Site "http://www.queenalice.com/game.php?id=164160"]
[Date "2007.2.6"]
[Round "2"]
[White "Scardini"]
[Black "charles"]
[Result "1-0"]
[WhiteElo "2132"]
[BlackElo "1708"]

1. d4 d5 2. c4 dxc4 3. Nf3 Bf5 4. e3 b5 5. a4 c6 6. axb5 cxb5 7. Nc3 a6 8. Nxb5
Nc6 9. Nc3 Be6 10. d5 Bxd5 11. Qxd5 Qxd5 12. Nxd5 O-O-O 13. Bxc4 a5 14. Bd2 e6
15. Bb5 Bb4 16. Nxb4 Nxb4 17. Rxa5 Nd3+ 18. Ke2 Rd5 19. Bxd3 Rxa5 20. Bxa5 Ne7
21. Rc1+ Kd7 22. Bb5+ Kd6 23. Bb4+ Kd5 24. Rc5+ 1-0

[Event "AUTO-OPEN-333"]
[Site "http://www.queenalice.com/game.php?id=167234"]
[Date "2007.2.11"]
[Round "2"]
[White "Scardini"]
[Black "Enrico"]
[Result "1-0"]
[WhiteElo "2125"]
[BlackElo "1750"]

1. e4 e5 2. Nf3 Nc6 3. Bb5 Qf6 4. c3 a6 5. Ba4 b5 6. Bc2 Bc5 7. O-O d6 8. d4
exd4 9. Bg5 Qe6 10. cxd4 Nxd4 11. Nxd4 Bxd4 12. Qxd4 f6 13. Bb3 Qe7 14. Be3 Be6
15. Qc3 c5 16. Nd2 Bxb3 17. Qxb3 Qe5 18. Nf3 Qxe4 19. Bxc5 Qc6 20. Qe6+ Ne7 21.
Rfe1 Rb8 22. Qxe7# 1-0

[Event "AUTO-OPEN-333"]
[Site "http://www.queenalice.com/game.php?id=167235"]
[Date "2007.2.11"]
[Round "2"]
[White "Enrico"]
[Black "Scardini"]
[Result "0-1"]
[WhiteElo "1751"]
[BlackElo "2129"]

1. e4 e5 2. Nf3 Nc6 3. Bb5 a6 4. Bxc6 dxc6 5. d3 Bd6 6. Nc3 Nf6 7. Be3 O-O 8.
Qe2 Re8 9. h3 h6 10. g4 b5 11. O-O-O a5 12. g5 hxg5 13. Bxg5 b4 14. Na4 Qd7 15.
Bxf6 gxf6 16. Qd2 Kf8 17. h4 Qg4 18. Qe2 f5 19. Rdg1 Qf4+ 20. Qd2 Qxf3 21. h5
fxe4 22. dxe4 Ke7 23. Qd3 Bg4 24. h6 Rh8 25. Qxf3 Bxf3 26. Rh4 Rag8 27. Rg3 Rxg3
28. fxg3 Ke6 29. g4 Be7 30. Rh2 Bxg4 31. Rh4 Bxh4 0-1

[Event "AUTO-OPEN-370"]
[Site "http://www.queenalice.com/game.php?id=184620"]
[Date "2007.3.19"]
[Round "2"]
[White "Scardini"]
[Black "Koukin"]
[Result "1-0"]
[WhiteElo "2137"]
[BlackElo "1361"]

1. d4 d5 2. c4 e6 3. Nc3 Bb4 4. Nf3 Nf6 5. e3 g6 6. Bd3 O-O 7. O-O Ng4 8. cxd5
exd5 9. Qb3 Nc6 10. Nxd5 Be6 11. e4 Nh6 12. Bxh6 Na5 13. Qxb4 c6 14. Ne7+ Kh8
15. d5 c5 16. Qxc5 b6 17. Qd4+ f6 18. d6 Nc6 19. Nxc6 b5 20. Nxd8 Rfxd8 21.
Qxf6+ Kg8 22. Qg7# 1-0

[Event "AUTO-OPEN-370"]
[Site "http://www.queenalice.com/game.php?id=184621"]
[Date "2007.3.19"]
[Round "2"]
[White "Koukin"]
[Black "Scardini"]
[Result "0-1"]
[WhiteElo "1337"]
[BlackElo "2125"]

1. e4 e5 2. Nf3 Nc6 3. g3 Nf6 4. Bg2 Nxe4 5. O-O d5 6. d3 Nf6 7. Ng5 Be7 8. Bf3
h6 9. Nxf7 Kxf7 10. Nc3 Rf8 11. Bh5+ Kg8 12. b3 Bb4 13. Bg6 Bxc3 14. Rb1 Bg4 15.
a4 Bxd1 16. Rxd1 Ne7 17. Be3 Nxg6 18. Bd2 Bd4 19. c3 Bb6 20. b4 Qd7 21. a5 Qh3
22. axb6 Ng4 23. f3 Qxh2+ 24. Kf1 Qf2# 0-1

[Event "AUTO-OPEN-333"]
[Site "http://www.queenalice.com/game.php?id=185955"]
[Date "2007.3.22"]
[Round "3"]
[White "Scardini"]
[Black "Be0wulf"]
[Result "1-0"]
[WhiteElo "2145"]
[BlackElo "1202"]

1. d4 Nf6 2. c4 e6 3. Nc3 d5 4. Nf3 c6 5. e3 Nbd7 6. Qc2 g6 7. Be2 Bg7 8. O-O
O-O 9. e4 dxe4 10. Nxe4 c5 11. Be3 Qc7 12. Nxc5 b6 13. Nd3 Bb7 14. Rac1 Rac8 15.
Qb3 Ng4 16. Bf4 Qc6 17. h3 Nh6 18. Nb4 Qe4 19. Be3 Qf5 20. Qa4 e5 21. Qxa7 Rc7
22. Nd5 Bxd5 23. Qxc7 Be4 24. Nxe5 Nxe5 25. dxe5 Qe6 26. f4 g5 27. Qxb6 Nf5 28.
Bg4 Qxb6 29. Bxb6 Ng3 30. Rfe1 Bxe5 31. fxe5 1-0

[Event "AUTO-OPEN-333"]
[Site "http://www.queenalice.com/game.php?id=185956"]
[Date "2007.3.22"]
[Round "3"]
[White "Be0wulf"]
[Black "Scardini"]
[Result "0-1"]
[WhiteElo "1126"]
[BlackElo "2121"]

1. e4 e5 2. Nf3 Nc6 3. Bb5 a6 4. Bxc6 dxc6 5. Nxe5 Qd4 6. Nf3 Qxe4+ 7. Qe2 Qxe2+
8. Kxe2 Bd6 9. Re1 Ne7 10. d4 O-O 11. Kf1 Bf5 12. c3 Rfe8 13. Be3 Nd5 14. Nbd2
Rad8 15. h3 b6 16. Kg1 Nxe3 17. fxe3 Bg3 18. Re2 Bd3 19. Rae1 Bxe2 20. Rxe2 c5
21. e4 cxd4 22. cxd4 c5 23. d5 Rxd5 24. Kf1 Rd7 25. Re3 f5 26. Ke2 Bf4 27. Rd3
Rxd3 28. Kxd3 c4+ 0-1

[Event "AUTO-OPEN-291"]
[Site "http://www.queenalice.com/game.php?id=192205"]
[Date "2007.4.5"]
[Round "3"]
[White "Scardini"]
[Black "Number9"]
[Result "1-0"]
[WhiteElo "2122"]
[BlackElo "2264"]

1. e4 c5 2. Nf3 d6 3. d4 cxd4 4. Nxd4 Nf6 5. Nc3 a6 6. Bc4 e6 7. O-O b5 8. Bb3
Be7 9. Qf3 Bb7 10. Qg3 b4 11. Nce2 Nxe4 12. Qxg7 Bf6 13. Qh6 Rg8 14. Ba4+ Nd7
15. Nc6 Qc7 16. Qxh7 Rg6 17. Nf4 Ng5 18. Qh5 Bxc6 19. Bxc6 Qxc6 20. Nxg6 fxg6
21. Qxg6+ Nf7 22. Re1 Ke7 23. Bf4 Nf8 24. Qg4 Bxb2 25. Rad1 Rc8 26. Bg3 Qb5 27.
Bh4+ Kd7 28. Qf3 Ne5 29. Qf6 Kc6 30. Qe7 Qc5 31. Bg3 Nc4 32. Re4 a5 33. Bxd6
Nxd6 34. Rxd6+ Qxd6 35. Rc4+ Kd5 36. Qxd6+ Kxd6 37. Rxc8 Ng6 38. Ra8 Nf4 39. Kf1
Nd5 40. Rxa5 Ke7 41. h4 Kf6 42. g4 Nf4 43. f3 Kg6 44. h5+ Kh6 45. Ra8 Bc1 46.
Kf2 1-0

[Event "AUTO-OPEN-291"]
[Site "http://www.queenalice.com/game.php?id=192206"]
[Date "2007.4.5"]
[Round "3"]
[White "Number9"]
[Black "Scardini"]
[Result "1-0"]
[WhiteElo "2236"]
[BlackElo "2138"]

1. d4 Nf6 2. c4 e6 3. Nc3 Bb4 4. e3 O-O 5. Bd3 d5 6. Ne2 dxc4 7. Bxc4 a6 8. O-O
b5 9. Bd3 Bb7 10. a4 Nbd7 11. axb5 axb5 12. Rxa8 Qxa8 13. f3 c6 14. Qc2 Re8 15.
Ne4 Nxe4 16. fxe4 c5 17. e5 Bxg2 18. Bxh7+ Kf8 19. Rf2 Bb7 20. Nf4 Ke7 21. Nd3
Qa5 22. dxc5 Rc8 23. Rf1 Bxc5 24. Qf2 f6 25. Qg3 fxe5 26. Qxg7+ Kd6 27. Rf7 Bc6
28. Be4 Qa7 29. Bxc6 Rxc6 30. Kf1 Rc7 31. b4 Bb6 32. Bb2 Qa2 33. Bxe5+ Nxe5 34.
Qxe5+ Kc6 35. Rxc7+ Bxc7 36. Qc5+ Kb7 37. Qxb5+ Ka7 38. h4 Qb1+ 39. Kg2 Qc2+ 40.
Nf2 Qd2 41. Kf3 Qd8 42. Qc5+ Kb8 43. Qd4 Qe8 44. Ke2 e5 45. Qe4 Qh5+ 46. Qg4 Qf7
47. h5 Bd6 48. b5 1-0

[Event "AUTO-OPEN-295"]
[Site "http://www.queenalice.com/game.php?id=261411"]
[Date "2007.8.25"]
[Round "3"]
[White "rom_banane"]
[Black "Scardini"]
[Result "0-1"]
[WhiteElo "1964"]
[BlackElo "2129"]

1. Nf3 d5 2. e3 Nf6 3. c4 e6 4. d4 c6 5. Bd3 dxc4 6. Bxc4 b5 7. Bb3 Be7 8. a4
O-O 9. Qd3 Nbd7 10. axb5 Nc5 11. Qc2 Nxb3 12. Qxc6 Bd7 0-1

[Event "AUTO-OPEN-295"]
[Site "http://www.queenalice.com/game.php?id=261412"]
[Date "2007.8.25"]
[Round "3"]
[White "Scardini"]
[Black "rom_banane"]
[Result "1-0"]
[WhiteElo "2139"]
[BlackElo "1955"]

1. e4 Nf6 2. e5 Nd5 3. d4 d6 4. c4 Nb6 5. Nf3 dxe5 6. Nxe5 g6 7. Be3 Bg7 8. Nc3
e6 9. Be2 O-O 10. O-O N8d7 11. f4 Nf6 12. Qc2 Nbd7 13. Rad1 b6 14. Bf3 Rb8 15.
Nc6 Qe8 16. Nxb8 Nxb8 17. Nb5 1-0

[Event "AUTO-OPEN-295"]
[Site "http://www.queenalice.com/game.php?id=261413"]
[Date "2007.8.25"]
[Round "3"]
[White "Sherlock6834"]
[Black "Scardini"]
[Result "0-1"]
[WhiteElo "1841"]
[BlackElo "2136"]

1. e4 e5 2. Nf3 Nc6 3. d4 exd4 4. Nxd4 Nf6 5. Bg5 Be7 6. Nxc6 bxc6 7. Qd4 O-O 8.
Bd3 d5 9. exd5 cxd5 10. O-O c5 11. Qh4 h6 12. Bxh6 Ne4 13. Qf4 Bd6 14. Qe3 Qh4
15. g3 Qxh6 16. Qxh6 gxh6 17. Bxe4 dxe4 18. Nc3 Bb7 19. Rad1 Rad8 20. Nb5 Be5
21. c3 a6 22. Na3 Bd5 0-1

[Event "AUTO-OPEN-295"]
[Site "http://www.queenalice.com/game.php?id=261414"]
[Date "2007.8.25"]
[Round "3"]
[White "Scardini"]
[Black "Sherlock6834"]
[Result "1-0"]
[WhiteElo "2117"]
[BlackElo "1846"]

1. d4 Nf6 2. c4 g6 3. Nc3 d5 4. Nf3 Bg7 5. cxd5 Nxd5 6. e4 Nxc3 7. bxc3 c5 8.
Be3 Bg4 9. Rb1 Qc7 10. Qb3 Bxf3 11. gxf3 cxd4 12. cxd4 b6 13. Qd5 1-0

[Event "AUTO-OPEN-370"]
[Site "http://www.queenalice.com/game.php?id=308305"]
[Date "2007.11.22"]
[Round "3"]
[White "Scardini"]
[Black "shtrubi"]
[Result "0-1"]
[WhiteElo "2146"]
[BlackElo "2387"]

1. e4 c5 2. Nc3 Nc6 3. Bb5 Nd4 4. Nf3 Nxb5 5. Nxb5 d6 6. O-O Nf6 7. d3 e5 8. Bg5
Be7 9. c4 O-O 10. Re1 Be6 11. Nc3 a6 12. Qc2 Nh5 13. Be3 f5 14. Nd5 f4 15. Bd2
Bg4 16. Qd1 Nf6 17. Nxe7+ Qxe7 18. b4 cxb4 19. Bxb4 Nd7 20. a4 Rf6 21. h3 Bh5
22. Rb1 Rg6 23. Kh2 Rd8 24. Ba3 Nc5 25. Bxc5 dxc5 26. Rb3 Rdd6 27. a5 b6 28.
axb6 Rxb6 29. Rxb6 Rxb6 30. Rg1 Qd6 31. Qa1 Bxf3 32. gxf3 h6 33. Qc3 Kf7 34. Ra1
Kg6 35. Qa5 Kh5 36. Qa4 Qe6 37. Rg1 Rb2 38. Rg2 g6 39. Qa3 Rb4 40. Qa5 Qb6 41.
Qa1 Qd6 0-1

[Event "AUTO-OPEN-370"]
[Site "http://www.queenalice.com/game.php?id=308306"]
[Date "2007.11.22"]
[Round "3"]
[White "shtrubi"]
[Black "Scardini"]
[Result "1-0"]
[WhiteElo "2392"]
[BlackElo "2141"]

1. d4 d5 2. c4 e6 3. Nf3 Nf6 4. g3 Be7 5. Bg2 O-O 6. O-O dxc4 7. Qc2 Nc6 8. Qxc4
Qd5 9. Qd3 Nb4 10. Qd1 c5 11. Nc3 Qc4 12. dxc5 Rd8 13. Qb3 Qxb3 14. axb3 Bxc5
15. Na4 Nc2 16. Ra2 Nd7 17. Bd2 Be7 18. Rc1 Nb4 19. Raa1 a5 20. Nd4 Rb8 21. Nb5
b6 22. Nd4 Bb7 23. Bxb7 Rxb7 24. Bxb4 Bxb4 25. Nc6 Ra8 26. Rd1 f5 27. Nxb4 axb4
28. Rac1 b5 29. Nc5 Nxc5 30. Rxc5 Ra2 31. Rc2 Kf7 32. Rd4 Ra1+ 33. Kg2 Kf6 34.
Rxb4 Rd1 35. e4 Ke5 36. f4+ Kd6 37. Kf2 Rd3 38. e5+ Ke7 39. Ke2 Rd5 40. Rd2 Rbd7
41. Rxd5 Rxd5 42. Ke3 g5 43. Rd4 1-0